Coppa del Mondo di Rugby - Prime 4 posizioni - Statistics

Statistiche generali
  • Questo quiz è stato fatto 107 volte
  • Il punteggio medio è 7 su 8
Statistiche sulle risposte
# in Top 4 # Wins Country % Corretto
9 3 Nuova Zelanda
99%
6 0 Francia
98%
6 1 Inghilterra
98%
6 2 Australia
94%
6 4 Sud Africa
94%
3 0 Argentina
88%
3 0 Galles
87%
1 0 Scozia
84%
Nessun quiz corrispondente trovato
Distribuzione punteggi
Percentuale di utenti per punteggio
Percentile per numero di risposta
I tuoi punteggi nel tempo
Non hai fatto questo quiz